[Event "17ème Open des Vins du Médoc"]
[Site "Naujac sur Mer ; France"]
[Date "2014.07.02"]
[Round "4.2"]
[White "Voogt, Jonathan"]
[Black "Rijnaarts, Sjef"]
[Result "0-1"]
[WhiteElo "1946"]
[BlackElo "2346"]
[Annotator "Violeau,Jean-Luc"]
[PlyCount "80"]
[EventDate "2014.??.??"]

1. d4 d5 2. c4 c6 3. cxd5 cxd5 4. Nc3 Nf6 5. Bf4 Nc6 6. e3 Bg4 7. Qb3 Na5 8.
Qa4+ Bd7 9. Bb5 Nc6 10. Nf3 a6 11. Bxc6 Bxc6 12. Qb3 e6 13. O-O Be7 14. Ne5 Nd7
15. Nd3 Qa5 16. Rac1 O-O 17. Bg3 Rfc8 18. Qd1 Qd8 19. f4 f5 20. Ne5 {(=)} Nxe5
21. fxe5 b5 22. Ne2 b4 23. Nf4 Qd7 24. Rf2 Bb5 25. Rfc2 a5 26. b3 Ba6 27. Be1
Rxc2 28. Rxc2 g5 29. Nd3 Qb5 30. Rd2 g4 31. Bg3 Rc8 32. Bf4 Rc3 33. Nc1 Qc6 34.
Ne2 Bxe2 35. Qxe2 Rc1+ 36. Kf2 Qc3 37. h3 h5 38. hxg4 hxg4 39. Kg3 Rh1 40. Kf2
Qc1 0-1

[Event "17ème Open des Vins du Médoc"]
[Site "Naujac sur Mer ; France"]
[Date "2014.07.02"]
[Round "4.3"]
[White "Kalwa, Norbert"]
[Black "Bollengier, Andreea"]
[Result "1/2-1/2"]
[WhiteElo "2021"]
[BlackElo "2244"]
[PlyCount "31"]
[EventDate "2014.??.??"]

1. Nf3 Nf6 2. g3 d5 3. c4 c5 4. Bg2 Nc6 5. O-O e5 6. cxd5 Nxd5 7. Nc3 Nc7 8. d3
Bd6 9. Ne4 O-O 10. Be3 Ne6 11. Rc1 Ncd4 12. Nxd6 Qxd6 13. Nd2 Qa6 14. a3 Bd7
15. Bd5 Kh8 16. Ne4 1/2-1/2

[Event "17ème Open des Vins du Médoc"]
[Site "Naujac sur Mer ; France"]
[Date "2014.07.02"]
[Round "4.4"]
[White "Castro, John"]
[Black "Saenz Narciso, Miguel Angel"]
[Result "0-1"]
[WhiteElo "2217"]
[BlackElo "2212"]
[PlyCount "46"]
[EventDate "2014.??.??"]

1. e4 c5 2. Nf3 g6 3. d4 cxd4 4. Qxd4 Nf6 5. e5 Nc6 6. Qa4 Nd5 7. Qe4 Nc7 8.
Bc4 Bg7 9. O-O O-O 10. Nc3 d5 11. exd6 exd6 12. Bg5 Qe8 13. Qh4 Bf5 14. Bh6 Qd8
15. Ng5 Qf6 16. Nce4 Bxe4 17. Bxg7 Qxg7 18. Nxe4 Rad8 19. Rad1 d5 20. Nf6+ Kh8
21. Bb3 Rd6 22. Nxd5 Nxd5 23. c4 g5 0-1

[Event "17ème Open des Vins du Médoc"]
[Site "Naujac sur Mer ; France"]
[Date "2014.07.02"]
[Round "4.5"]
[White "Zickelbein, Eva Maria"]
[Black "Condeminas, Christian"]
[Result "1-0"]
[WhiteElo "2057"]
[BlackElo "1694"]
[PlyCount "59"]
[EventDate "2014.??.??"]

1. e4 e6 2. d4 d5 3. Nd2 Nf6 4. e5 Nfd7 5. f4 c5 6. Ngf3 Nc6 7. Nb3 Be7 8. Be2
O-O 9. c3 cxd4 10. cxd4 f6 11. O-O a5 12. Be3 Qb6 13. Rb1 fxe5 14. fxe5 Ncxe5
15. Nxe5 Rxf1+ 16. Bxf1 Nxe5 17. Qh5 Ng6 18. Bd3 Nf8 19. Rf1 Bf6 20. Bg5 e5 21.
Bxf6 gxf6 22. Qh6 e4 23. Rxf6 Qd8 24. Qg5+ Kh8 25. Qe5 Kg8 26. Rd6 Qxd6 27.
Qxd6 exd3 28. Qxd5+ Be6 29. Qg5+ Ng6 30. Nc5 1-0

[Event "17ème Open des Vins du Médoc"]
[Site "Naujac sur Mer ; France"]
[Date "2014.07.02"]
[Round "4.6"]
[White "Wohl, Aleksandar H"]
[Black "Herry, Serwan"]
[Result "1-0"]
[WhiteElo "2339"]
[BlackElo "1938"]
[PlyCount "85"]
[EventDate "2014.??.??"]

1. e4 e6 2. Qe2 d5 3. exd5 Qxd5 4. Nc3 Qd8 5. Nf3 Nf6 6. d4 Be7 7. Bg5 O-O 8.
O-O-O c6 9. h4 b5 10. Bxf6 Bxf6 11. Ne4 Be7 12. Neg5 h6 13. Ne4 a5 14. g4 f5
15. gxf5 exf5 16. Nc5 Bf6 17. Ne6 Bxe6 18. Qxe6+ Kh8 19. Ne5 Qe8 20. Qxe8 Rxe8
21. f4 Bxe5 22. dxe5 Na6 23. Rd6 Nb4 24. a3 Nd5 25. Bxb5 cxb5 26. Rxd5 b4 27.
a4 b3 28. cxb3 Rab8 29. Rh3 Rb4 30. Rf3 Ra8 31. e6 Re4 32. Rxf5 Rxe6 33. Kb1 g6
34. Rb5 Re1+ 35. Ka2 Rh1 36. Rg3 Ra6 37. h5 gxh5 38. Rb8+ Kh7 39. Rb7+ Kh8 40.
Re3 Ra8 41. Re6 h4 42. Rxh6+ Kg8 43. Rbh7 1-0

[Event "17ème Open des Vins du Médoc"]
[Site "Naujac sur Mer ; France"]
[Date "2014.07.02"]
[Round "4.7"]
[White "Nazareth, David"]
[Black "Sanchez, Nicolas"]
[Result "0-1"]
[WhiteElo "1960"]
[BlackElo "2178"]
[PlyCount "58"]
[EventDate "2014.??.??"]

1. e4 c5 2. Nf3 Nc6 3. d4 cxd4 4. Nxd4 g6 5. Nc3 Bg7 6. Be3 Nf6 7. f3 d5 8. Bb5
O-O 9. Nxc6 bxc6 10. Bxc6 Rb8 11. exd5 Ba6 12. Kf2 Rxb2 13. Re1 Ng4+ 14. fxg4
Bxc3 15. Rh1 Qd6 16. a4 Qf6+ 17. Kg1 Rb4 18. Rb1 Bd4 19. Bxd4 Rxb1 20. Bxf6
Rxd1+ 21. Kf2 Rxh1 22. Bxe7 Rf1+ 23. Kg3 Rd1 24. Kf4 f6 25. Bc5 Rd8 26. Ke4 Bf1
27. Kf3 R1xd5 28. Bxa7 Rd2 29. Ke3 Rxc2 0-1

[Event "17ème Open des Vins du Médoc"]
[Site "Naujac sur Mer ; France"]
[Date "2014.07.02"]
[Round "4.8"]
[White "Sasu-Ducsoara, Adrian-Florian"]
[Black "Roussel, Glenn"]
[Result "1/2-1/2"]
[WhiteElo "2138"]
[BlackElo "1930"]
[PlyCount "104"]
[EventDate "2014.??.??"]

1. e4 d5 2. exd5 Nf6 3. Bb5+ Bd7 4. Bc4 Bg4 5. f3 Bf5 6. Nc3 Nbd7 7. d4 Nb6 8.
Bb3 Nfxd5 9. Nge2 e6 10. Nxd5 exd5 11. Bf4 Bd6 12. Qd2 Qd7 13. g4 Be6 14. O-O-O
O-O-O 15. Bxd6 Qxd6 16. Nf4 Rhe8 17. Rhe1 Bd7 18. Nd3 f6 19. Qf4 Bc6 20. Qxd6
Rxd6 21. Rxe8+ Bxe8 22. Re1 Bf7 23. Nc5 Nd7 24. Re7 Nxc5 25. Rxf7 Ne6 26. f4
Rd7 27. Rxd7 Kxd7 28. Bxd5 Nxd4 29. Kd2 c6 30. Be4 h6 31. Ke3 Nb5 32. Bd3 Nd6
33. Kd4 b6 34. b4 Nb7 35. a3 Kd6 36. h4 g5 37. hxg5 hxg5 38. fxg5 fxg5 39. c3
Nd8 40. Ke4 Ke6 41. Kd4 Kd6 42. Bc4 Ne6+ 43. Ke4 Nc7 44. Bg8 a6 45. Bc4 a5 46.
Bg8 Ke7 47. Ke5 Ne8 48. Kf5 Nd6+ 49. Kxg5 Ne4+ 50. Kf5 Nxc3 51. bxa5 bxa5 52.
Bc4 Nb5 1/2-1/2

[Event "17ème Open des Vins du Médoc"]
[Site "Naujac sur Mer ; France"]
[Date "2014.07.02"]
[Round "4.9"]
[White "Maruejols, Claude"]
[Black "Surewaard, Wilbert"]
[Result "0-1"]
[WhiteElo "1945"]
[BlackElo "2116"]
[PlyCount "82"]
[EventDate "2014.??.??"]

1. d4 Nf6 2. c4 e5 3. dxe5 Ng4 4. Bf4 Nc6 5. Nf3 Bb4+ 6. Nc3 Qe7 7. Qd5 Bxc3+
8. bxc3 f6 9. exf6 Nxf6 10. Qd3 d6 11. g3 O-O 12. Bg2 Bg4 13. O-O Rae8 14. Rae1
Kh8 15. e4 Nd7 16. Bg5 Rxf3 17. Bxf3 Qxg5 18. Bxg4 Qxg4 19. f4 Qe6 20. Rf2 Nc5
21. Qd5 Na5 22. Rfe2 Nxc4 23. Kg2 Nb6 24. Qh5 Nbd7 25. Qf3 Qc4 26. Rb1 a5 27.
Rd1 Qe6 28. Rde1 Rf8 29. h4 a4 30. Rd1 Re8 31. Rde1 Rf8 32. g4 Ne5 33. Qg3 Ned3
34. Rf1 Qc4 35. Re3 Qxa2+ 36. Kh3 Qc4 37. Rff3 a3 38. Rxd3 Nxd3 39. Rxd3 a2 40.
Rd1 Qxe4 41. f5 Ra8 0-1

[Event "17ème Open des Vins du Médoc"]
[Site "Naujac sur Mer ; France"]
[Date "2014.07.02"]
[Round "4.10"]
[White "Armas, Lara-Maria"]
[Black "Larand, Manuel"]
[Result "0-1"]
[WhiteElo "1935"]
[BlackElo "2041"]
[PlyCount "132"]
[EventDate "2014.??.??"]

1. d4 Nf6 2. c4 c5 3. d5 b5 4. cxb5 a6 5. bxa6 g6 6. Nc3 Bxa6 7. e4 Bxf1 8.
Kxf1 d6 9. Nf3 Bg7 10. h3 O-O 11. Kg1 Nbd7 12. Kh2 Ra6 13. Re1 Qa8 14. Re2 Nb6
15. Rc2 Rb8 16. Qe2 Na4 17. Ne1 Rb4 18. f3 Nd7 19. Nxa4 Raxa4 20. Nd3 Rb8 21.
a3 Qa6 22. Nf2 c4 23. Nd1 Nc5 24. Nc3 Qa8 25. Bg5 Nb3 26. Rd1 Nd4 27. Rxd4 Bxd4
28. Nd1 Ra6 29. Nc3 Ra5 30. Nd1 Rc5 31. Bd2 Rcc8 32. Bb4 Kg7 33. Ne3 Be5+ 34.
g3 h5 35. Nxc4 Qa4 36. f4 Bd4 37. Qd3 f6 38. b3 Qa7 39. Rd2 Bf2 40. Rc2 h4 41.
gxh4 Rh8 42. Qf1 Bxh4 43. Nd2 Bf2 44. Rc3 Rh4 45. Rf3 Bd4 46. Nc4 Rbh8 47. e5
dxe5 48. fxe5 f5 49. Qg2 Rg4 50. Rg3 Rhh4 51. Be1 Rxg3 52. Bxg3 Re4 53. d6 exd6
54. Nxd6 Re3 55. Nxf5+ gxf5 56. Bf2+ Kf7 57. Bxe3 Bxe5+ 58. Kh1 Qxe3 59. Qd5+
Kf6 60. Qd8+ Kg6 61. Qg8+ Bg7 62. a4 f4 63. h4 f3 64. h5+ Kh6 65. Qf7 Qe1+ 66.
Kh2 Be5+ 0-1

[Event "17ème Open des Vins du Médoc"]
[Site "Naujac sur Mer ; France"]
[Date "2014.07.02"]
[Round "5.1"]
[White "Rijnaarts, Sjef"]
[Black "Van Delft, Merijn"]
[Result "1/2-1/2"]
[WhiteElo "2346"]
[BlackElo "2418"]
[PlyCount "29"]
[EventDate "2014.??.??"]

1. e4 c6 2. d4 d5 3. Nc3 dxe4 4. Nxe4 Bf5 5. Ng3 Bg6 6. Nf3 Nd7 7. h4 h6 8. h5
Bh7 9. Bd3 Bxd3 10. Qxd3 e6 11. Bf4 Qa5+ 12. Bd2 Bb4 13. c3 Be7 14. c4 Qc7 15.
O-O-O 1/2-1/2

[Event "17ème Open des Vins du Médoc"]
[Site "Naujac sur Mer ; France"]
[Date "2014.07.02"]
[Round "5.2"]
[White "Saenz Narciso, Miguel Angel"]
[Black "Zickelbein, Eva Maria"]
[Result "1-0"]
[WhiteElo "2212"]
[BlackElo "2057"]
[PlyCount "81"]
[EventDate "2014.??.??"]

1. e4 d6 2. d4 Nf6 3. Nc3 e5 4. Nf3 Nbd7 5. Bc4 Be7 6. O-O Nb6 7. Be2 exd4 8.
Nxd4 c5 9. Bb5+ Bd7 10. Nf5 O-O 11. Nxe7+ Qxe7 12. Bxd7 Qxd7 13. Bg5 Qe6 14.
Qf3 Ne8 15. Rfe1 f6 16. Bh4 Rd8 17. Rad1 Nc7 18. Bg3 a6 19. a4 Nc4 20. b3 Ne5
21. Qe2 Rfe8 22. Qd2 Qf7 23. Bxe5 fxe5 24. Re3 Re6 25. Rd3 Qg6 26. f3 h5 27.
Nd5 Nxd5 28. Rxd5 h4 29. h3 Rf6 30. Rxe5 dxe5 31. Qxd8+ Kh7 32. Qd3 Qg3 33. Qe2
Rg6 34. Kf1 Qh2 35. Qf2 Qf4 36. Qxc5 Rc6 37. Qf2 b5 38. a5 b4 39. Rd2 g5 40.
Rd7+ Kg6 41. Qd2 1-0

[Event "17ème Open des Vins du Médoc"]
[Site "Naujac sur Mer ; France"]
[Date "2014.07.02"]
[Round "5.3"]
[White "Van Dommelen, Martin"]
[Black "Wohl, Aleksandar H"]
[Result "0-1"]
[WhiteElo "2137"]
[BlackElo "2339"]
[PlyCount "68"]
[EventDate "2014.??.??"]

1. e4 c5 2. Nf3 Nc6 3. Bb5 d6 4. Bxc6+ bxc6 5. h3 e5 6. d3 Be7 7. O-O g5 8. Nh2
h5 9. f3 Bf6 10. c3 Ne7 11. Be3 Ng6 12. Na3 Nf4 13. Rf2 Ne6 14. Nc2 Rb8 15. Rb1
d5 16. exd5 cxd5 17. b4 d4 18. Bd2 cxb4 19. cxd4 a5 20. dxe5 Bxe5 21. Re2 Qd6
22. f4 gxf4 23. Nf3 Bf6 24. Qc1 Qxd3 25. Rf2 Bb7 26. Nce1 Qe4 27. a3 Rc8 28.
Qd1 bxa3 29. Bxa5 Ra8 30. Re2 Qd5 31. Qa4+ Bc6 32. Qxf4 Bd8 33. Bc3 Rg8 34. Ne5
Nxf4 0-1

[Event "17ème Open des Vins du Médoc"]
[Site "Naujac sur Mer ; France"]
[Date "2014.07.02"]
[Round "5.4"]
[White "Bollengier, Andreea"]
[Black "Rietveld, Leo"]
[Result "1/2-1/2"]
[WhiteElo "2244"]
[BlackElo "2001"]
[PlyCount "78"]
[EventDate "2014.??.??"]

1. b3 e5 2. Bb2 Nc6 3. g3 Nf6 4. Bg2 Bc5 5. e3 Bb6 6. Ne2 d6 7. a3 Bg4 8. h3
Bd7 9. c4 Qe7 10. d3 O-O 11. Nbc3 Ne8 12. O-O f5 13. b4 Nd8 14. a4 c6 15. a5
Bc7 16. a6 b6 17. b5 Rc8 18. bxc6 Bxc6 19. Nd5 Qf7 20. Qb3 Kh8 21. Kh2 Nf6 22.
Nec3 Ne6 23. f4 Nc5 24. Qc2 Nxd5 25. Nxd5 e4 26. dxe4 fxe4 27. Bxe4 Nxe4 28.
Qxe4 b5 29. Rfd1 bxc4 30. Qxc4 Bb8 31. Rac1 Bb7 32. Qd3 Rxc1 33. Bxc1 Bc8 34.
e4 Qh5 35. f5 Bxa6 36. Qd2 Qe2+ 37. Qxe2 Bxe2 38. Rd4 Rc8 39. Bd2 a6 1/2-1/2

[Event "17ème Open des Vins du Médoc"]
[Site "Naujac sur Mer ; France"]
[Date "2014.07.02"]
[Round "5.5"]
[White "Sanchez, Nicolas"]
[Black "Kalwa, Norbert"]
[Result "1/2-1/2"]
[WhiteElo "2178"]
[BlackElo "2021"]
[PlyCount "98"]
[EventDate "2014.??.??"]

1. d4 g6 2. c4 Bg7 3. Nc3 d6 4. e4 Nc6 5. Be3 e5 6. Nge2 Nh6 7. f3 f5 8. Qd2
Nf7 9. O-O-O O-O 10. Kb1 a6 11. d5 Ne7 12. c5 dxc5 13. Bxc5 Nd6 14. Nc1 Bd7 15.
Bd3 Qb8 16. Qe2 b5 17. Bb4 Nec8 18. Nb3 a5 19. Bxd6 Nxd6 20. Nc5 Be8 21. Rc1
Bh6 22. Ne6 Rf7 23. exf5 gxf5 24. Qxe5 Bxc1 25. Qg3+ Kh8 26. Qe5+ Kg8 27. Qg3+
Kh8 28. Qe5+ Kg8 29. Rxc1 b4 30. Qg3+ Kh8 31. Qe5+ Kg8 32. Qg3+ Kh8 33. Qe5+
Kg8 34. Ne2 Bb5 35. Qg3+ Kh8 36. Qe5+ Kg8 37. Qg3+ Kh8 38. Qe5+ Kg8 39. Bxb5
Qxb5 40. Qg3+ Kh8 41. Qe5+ Kg8 42. Ng5 Re8 43. Ne6 Qd3+ 44. Ka1 Qd2 45. Qg3+
Kh8 46. Qe5+ Kg8 47. Qg3+ Kh8 48. Qe5+ Kg8 49. Qg3+ Kh8 1/2-1/2

[Event "17ème Open des Vins du Médoc"]
[Site "Naujac sur Mer ; France"]
[Date "2014.07.02"]
[Round "5.6"]
[White "Surewaard, Wilbert"]
[Black "Lagunes, Jean-Renaud"]
[Result "1-0"]
[WhiteElo "2116"]
[BlackElo "1978"]
[PlyCount "123"]
[EventDate "2014.??.??"]

1. e4 d6 2. d4 Nf6 3. Nc3 g6 4. f4 Bg7 5. Nf3 c5 6. Bb5+ Bd7 7. e5 Ng4 8. e6
Bxb5 9. exf7+ Kd7 10. Nxb5 Qa5+ 11. Nc3 cxd4 12. Nxd4 Bxd4 13. Qxd4 Nc6 14. Qd1
Qh5 15. Nd5 Rhf8 16. Ne3 Nxe3 17. Bxe3 Qf5 18. Qd2 Rac8 19. O-O Rxf7 20. c4 b6
21. Rad1 Nd8 22. b3 Qe4 23. Rfe1 Qc6 24. Qe2 h5 25. Bd4 Rc7 26. Qe3 Kc8 27. Qg3
e6 28. Rd2 Rf5 29. Qxg6 Rxf4 30. Qxh5 Rcf7 31. Be3 Qe4 32. Qe2 R4f5 33. Qd3 Qe5
34. Qd4 Qxd4 35. Rxd4 Kc7 36. Rd2 Rg7 37. Bf2 e5 38. Bg3 Rg6 39. Rf2 Rh5 40.
Ref1 Rhh6 41. Rd2 a5 42. Bf2 Re6 43. Be3 Rhg6 44. Rf3 Kc6 45. h3 b5 46. g4 a4
47. g5 Nb7 48. h4 axb3 49. axb3 Rg7 50. h5 Na5 51. cxb5+ Kxb5 52. Rd5+ Ka6 53.
g6 Nc6 54. Rf7 Rg8 55. g7 Ne7 56. Rxd6+ Rxd6 57. Rxe7 Rd3 58. Kf2 Rxb3 59. Ra7+
Kb5 60. h6 Rb2+ 61. Kg3 Kc4 62. h7 1-0

[Event "17ème Open des Vins du Médoc"]
[Site "Naujac sur Mer ; France"]
[Date "2014.07.02"]
[Round "5.7"]
[White "Larand, Manuel"]
[Black "Voogt, Jonathan"]
[Result "1-0"]
[WhiteElo "2041"]
[BlackElo "1946"]
[Annotator "Violeau,Jean-Luc"]
[PlyCount "81"]
[EventDate "2014.??.??"]

1. c4 e5 2. g3 Nf6 3. Bg2 d5 4. cxd5 Nxd5 5. Nc3 Nb6 6. d3 Be7 7. Nf3 Nc6 8.
O-O O-O 9. Be3 Be6 10. Na4 Nd4 11. Nxb6 axb6 12. Nxe5 c6 13. Nf3 Nf5 14. Bf4
Ra5 15. Bd2 Rb5 16. Bc3 Bf6 17. d4 Nd6 18. Nd2 Nc4 19. Nxc4 Bxc4 20. Re1 h5 21.
b3 Be6 22. e4 h4 23. Bf1 hxg3 24. hxg3 Rg5 25. Qd3 Rh5 26. Rad1 Qd7 27. Bg2 g6
28. Rd2 Bh3 29. Qf1 Kg7 30. e5 Bg5 31. e6 Bxg2 32. d5+ Bf6 33. Qxg2 fxe6 34.
dxe6 Qe8 35. Rd7+ Kg8 36. Qf3 Be7 37. Qd3 Rff5 38. Qd4 Bf6 39. Qd2 g5 40. Bxf6
Rxf6 41. Rd8 1-0

[Event "17ème Open des Vins du Médoc"]
[Site "Naujac sur Mer ; France"]
[Date "2014.07.02"]
[Round "5.8"]
[White "Roussel, Glenn"]
[Black "Castro, John"]
[Result "0-1"]
[WhiteElo "1930"]
[BlackElo "2217"]
[PlyCount "46"]
[EventDate "2014.??.??"]

1. e4 c5 2. Nc3 Nc6 3. Bb5 Nd4 4. Bc4 g6 5. Nf3 Bg7 6. Nxd4 cxd4 7. Qf3 Nf6 8.
Nb5 O-O 9. Nxd4 d5 10. exd5 Ng4 11. Nb3 Ne5 12. Qe2 Nxc4 13. Qxc4 Bf5 14. c3
Rc8 15. Qf1 Qxd5 16. d4 e5 17. Be3 exd4 18. Nxd4 Bxd4 19. Bxd4 Rfe8+ 20. Kd2
Qe4 21. Rc1 Rcd8 22. Qc4 b5 23. Rhe1 Qf4+ 0-1

[Event "17ème Open des Vins du Médoc"]
[Site "Naujac sur Mer ; France"]
[Date "2014.07.02"]
[Round "5.9"]
[White "Uliczny, Kevin"]
[Black "Sasu-Ducsoara, Adrian-Florian"]
[Result "0-1"]
[WhiteElo "1576"]
[BlackElo "2138"]
[PlyCount "50"]
[EventDate "2014.??.??"]

1. e4 Nf6 2. e5 Nd5 3. d4 d6 4. c4 Nb6 5. exd6 cxd6 6. Nf3 g6 7. b3 Bg7 8. Bb2
Nc6 9. Qc2 Bf5 10. Qc1 O-O 11. a3 d5 12. c5 Nd7 13. Be2 Rc8 14. O-O b6 15. b4
bxc5 16. dxc5 e5 17. Nbd2 e4 18. Bxg7 Kxg7 19. Qb2+ Qf6 20. Qxf6+ Kxf6 21. Nh4
Be6 22. b5 Nd4 23. Bd1 Rxc5 24. g3 Rxb5 25. Ng2 Rb2 0-1

[Event "17ème Open des Vins du Médoc"]
[Site "Naujac sur Mer ; France"]
[Date "2014.07.02"]
[Round "5.10"]
[White "Vreugdenhil, Frans"]
[Black "Martin, Eric"]
[Result "0-1"]
[WhiteElo "2006"]
[BlackElo "1850"]
[PlyCount "72"]
[EventDate "2014.??.??"]

1. e4 e6 2. d4 b6 3. c4 Bb7 4. Nc3 g6 5. Nf3 d6 6. Bd3 Bg7 7. Bg5 Ne7 8. Qd2 h6
9. Be3 Nd7 10. Qc2 O-O 11. Nd2 Nc6 12. Ne2 Nb4 13. Qb3 Nxd3+ 14. Qxd3 c5 15.
Rd1 Nf6 16. f3 Qe7 17. O-O Rfd8 18. Nc3 Rac8 19. d5 exd5 20. exd5 Re8 21. Rde1
Qd7 22. b3 Re7 23. Nce4 Nxe4 24. Nxe4 f5 25. Nf2 Rce8 26. g3 Bc8 27. Qd2 Kh7
28. f4 b5 29. Nd1 bxc4 30. bxc4 Ba6 31. Qc2 Re4 32. Bf2 Rxc4 33. Qd2 Rce4 34.
Rxe4 Rxe4 35. Re1 Qb5 36. Rxe4 Qf1# 0-1

[Event "17ème Open des Vins du Médoc"]
[Site "Naujac sur Mer ; France"]
[Date "2014.07.03"]
[Round "6.1"]
[White "Saenz Narciso, Miguel Angel"]
[Black "Rijnaarts, Sjef"]
[Result "1-0"]
[WhiteElo "2212"]
[BlackElo "2346"]
[PlyCount "69"]
[EventDate "2014.??.??"]

1. e4 c5 2. Nf3 e6 3. d3 Nc6 4. Nbd2 d6 5. g3 g6 6. Bg2 Bg7 7. O-O Nge7 8. Re1
O-O 9. Nf1 h6 10. c3 e5 11. Ne3 f5 12. exf5 gxf5 13. Nh4 Be6 14. f4 Qd7 15. c4
Rae8 16. Nd5 b5 17. fxe5 dxe5 18. Nxe7+ Nxe7 19. Be3 Qd6 20. b3 bxc4 21. dxc4
Qb6 22. Qh5 Bf7 23. Qe2 Rc8 24. Rad1 Qf6 25. Qf2 Bh5 26. Rd7 Qe6 27. Rxa7 f4
28. gxf4 exf4 29. Bxc5 Qxe1+ 30. Qxe1 Rxc5 31. Qe6+ Kh8 32. Rxe7 Rg5 33. Rxg7
Kxg7 34. Kf2 Bg4 35. Qd6 1-0

[Event "17ème Open des Vins du Médoc"]
[Site "Naujac sur Mer ; France"]
[Date "2014.07.03"]
[Round "6.2"]
[White "Van Delft, Merijn"]
[Black "Surewaard, Wilbert"]
[Result "1-0"]
[WhiteElo "2418"]
[BlackElo "2116"]
[PlyCount "131"]
[EventDate "2014.??.??"]

1. e4 e6 2. d4 d5 3. Nd2 a6 4. Ngf3 Nf6 5. e5 Nfd7 6. Bd3 c5 7. c3 Nc6 8. O-O
Be7 9. Bc2 cxd4 10. cxd4 f6 11. exf6 Nxf6 12. Re1 O-O 13. Nf1 Qb6 14. Ng3 Bd6
15. a3 Bd7 16. Rb1 Rae8 17. Be3 Qc7 18. Rc1 Qb8 19. Bg5 Rf7 20. Qd3 g6 21. Rcd1
Qc7 22. Bb1 Bc8 23. b4 Rff8 24. Bh6 Rf7 25. Ng5 Rfe7 26. Qf3 Nd7 27. Rxe6 Nxd4
28. Rxd4 Ne5 29. Rxe5 Bxe5 30. Rd1 Bg7 31. Qxd5+ Kh8 32. Bxg7+ Kxg7 33. Qd4+
Qe5 34. Qxe5+ Rxe5 35. N5e4 R5e7 36. f3 Bd7 37. Kf2 Bc6 38. Ne2 a5 39. N2c3
axb4 40. axb4 Rd7 41. Rxd7+ Bxd7 42. Nc5 Rc8 43. Nd5 Bc6 44. Ne7 Rb8 45. Bd3
Be8 46. Be4 b6 47. Nd3 Bb5 48. Ke3 Kf8 49. Nd5 Kf7 50. Kd4 Ba4 51. Ne5+ Ke6 52.
Nc4 b5 53. Nf4+ Kd7 54. Ne3 Rf8 55. Nd3 Kc7 56. Nc5 Rd8+ 57. Kc3 Kb6 58. h3 Bd1
59. Nd5+ Ka7 60. Nf6 Be2 61. Nxh7 Bf1 62. f4 Rd1 63. Nd3 Ra1 64. Nf6 Ra2 65. g4
Bxh3 66. g5 1-0

[Event "17ème Open des Vins du Médoc"]
[Site "Naujac sur Mer ; France"]
[Date "2014.07.03"]
[Round "6.3"]
[White "Wohl, Aleksandar H"]
[Black "Larand, Manuel"]
[Result "1-0"]
[WhiteElo "2339"]
[BlackElo "2041"]
[PlyCount "63"]
[EventDate "2014.??.??"]

1. e4 d6 2. d4 Nf6 3. Nc3 g6 4. Bg5 c6 5. Qd2 b5 6. f3 Nbd7 7. h4 h6 8. Be3 Nb6
9. b3 a6 10. Nge2 Bb7 11. g4 h5 12. g5 Nfd7 13. a4 Bg7 14. a5 Nc8 15. f4 b4 16.
Nd1 c5 17. Bg2 O-O 18. O-O Na7 19. Nb2 Nb5 20. Nc4 cxd4 21. Nxd4 Nc3 22. e5
Bxg2 23. Qxg2 dxe5 24. Nc6 Qc7 25. Nxe7+ Kh7 26. f5 Rfe8 27. fxg6+ fxg6 28. Rf7
Qd8 29. Nc6 Qc7 30. Nxb4 Rf8 31. Raf1 Kg8 32. Nd5 1-0

[Event "17ème Open des Vins du Médoc"]
[Site "Naujac sur Mer ; France"]
[Date "2014.07.03"]
[Round "6.4"]
[White "Zickelbein, Eva Maria"]
[Black "Bollengier, Andreea"]
[Result "1/2-1/2"]
[WhiteElo "2057"]
[BlackElo "2244"]
[PlyCount "33"]
[EventDate "2014.??.??"]

1. e4 c6 2. d4 d5 3. exd5 cxd5 4. Bd3 Nf6 5. c3 Bg4 6. Nf3 Nc6 7. O-O e6 8. Bg5
Bd6 9. Nbd2 Qc7 10. Qa4 Bxf3 11. Nxf3 Ne4 12. Bxe4 dxe4 13. Ne5 Bxe5 14. dxe5
Qxe5 15. Bh4 O-O 16. Rae1 f5 17. f3 1/2-1/2

[Event "17ème Open des Vins du Médoc"]
[Site "Naujac sur Mer ; France"]
[Date "2014.07.03"]
[Round "6.5"]
[White "Castro, John"]
[Black "Kalwa, Norbert"]
[Result "1-0"]
[WhiteElo "2217"]
[BlackElo "2021"]
[PlyCount "61"]
[EventDate "2014.??.??"]

1. e4 g6 2. d4 Bg7 3. c4 d6 4. Nc3 Nc6 5. Be3 e5 6. d5 Nce7 7. c5 f5 8. cxd6
cxd6 9. Qa4+ Kf7 10. exf5 Nxf5 11. Nf3 h6 12. Bd3 Nf6 13. O-O Re8 14. Ne4 Bd7
15. Qa3 Nxe4 16. Bxe4 Bb5 17. Rfe1 Rg8 18. Rac1 Qd7 19. h4 Bf8 20. Qa5 Be7 21.
Rc7 Qd8 22. Rxe7+ Qxe7 23. Qxb5 Nxe3 24. Rxe3 Rac8 25. Re1 Rc5 26. Qd3 Qf6 27.
g3 Qe7 28. h5 gxh5 29. Bf5 Rg7 30. Be6+ Ke8 31. Qf5 1-0

[Event "17ème Open des Vins du Médoc"]
[Site "Naujac sur Mer ; France"]
[Date "2014.07.03"]
[Round "6.6"]
[White "Sasu-Ducsoara, Adrian-Florian"]
[Black "Rietveld, Leo"]
[Result "1/2-1/2"]
[WhiteElo "2138"]
[BlackElo "2001"]
[PlyCount "37"]
[EventDate "2014.??.??"]

1. d4 d5 2. Nc3 Nf6 3. Bg5 e6 4. e4 Be7 5. e5 Nfd7 6. h4 c5 7. Bxe7 Qxe7 8. Nb5
O-O 9. Nc7 cxd4 10. Qxd4 Nc6 11. Qd2 Nc5 12. Nxa8 f6 13. f3 fxe5 14. a4 b6 15.
b4 Nxb4 16. a5 e4 17. Kd1 bxa5 18. Rxa5 Nc6 19. Rb5 1/2-1/2

[Event "17ème Open des Vins du Médoc"]
[Site "Naujac sur Mer ; France"]
[Date "2014.07.03"]
[Round "6.7"]
[White "Ginovart, Axel"]
[Black "Van Dommelen, Martin"]
[Result "0-1"]
[WhiteElo "1967"]
[BlackElo "2137"]
[PlyCount "98"]
[EventDate "2014.??.??"]

1. e4 c5 2. Nc3 Nc6 3. Bb5 g6 4. Bxc6 dxc6 5. d3 Bg7 6. f4 c4 7. Be3 cxd3 8.
Qxd3 Qc7 9. Nge2 Nf6 10. h3 O-O 11. O-O-O b5 12. e5 Bf5 13. Qd2 b4 14. exf6
bxc3 15. Qxc3 Bxf6 16. Bd4 Bxd4 17. Qxd4 c5 18. Qc3 Be6 19. g4 a5 20. a3 Rab8
21. Kb1 Rb7 22. Ka1 Rfb8 23. Rb1 Qc6 24. Nd4 Rxb2 25. Nxe6 fxe6 26. Rxb2 Qxh1+
27. Ka2 Qd5+ 28. Ka1 Rd8 29. Rb5 Rc8 30. Qxa5 Qd4+ 31. Kb1 Qxf4 32. Qe1 Rc6 33.
Rb3 c4 34. Rc3 Qd4 35. Ka2 Qd5 36. Qe3 e5 37. Qg5 Rc7 38. h4 Rb7 39. Qc1 Qd4
40. Qe1 e4 41. a4 Rb4 42. a5 e5 43. g5 Rb8 44. a6 Qb6 45. Qa1 Qxa6+ 46. Ra3
Qxa3+ 47. Kxa3 Ra8+ 48. Kb2 Rxa1 49. Kxa1 e3 0-1

[Event "17ème Open des Vins du Médoc"]
[Site "Naujac sur Mer ; France"]
[Date "2014.07.03"]
[Round "6.8"]
[White "Martin, Eric"]
[Black "Lapeyre, Pierre"]
[Result "0-1"]
[WhiteElo "1850"]
[BlackElo "2010"]
[PlyCount "42"]
[EventDate "2014.??.??"]

1. g3 d6 2. Bg2 e5 3. d3 f5 4. e3 Nf6 5. b3 Be7 6. Bb2 Nc6 7. Ne2 O-O 8. O-O
Qe8 9. Nd2 Qh5 10. Nc3 Qh6 11. Nd5 Bd8 12. Nxf6+ Bxf6 13. f4 exf4 14. Bxf6 fxg3
15. hxg3 Qxe3+ 16. Kh2 Rxf6 17. Rf3 Rh6+ 18. Bh3 Qg5 19. Rf4 Ne5 20. Nf1 Bd7
21. d4 Ng6 0-1

[Event "17ème Open des Vins du Médoc"]
[Site "Naujac sur Mer ; France"]
[Date "2014.07.03"]
[Round "6.9"]
[White "Lagunes, Jean-Renaud"]
[Black "Herry, Serwan"]
[Result "1-0"]
[WhiteElo "1978"]
[BlackElo "1938"]
[PlyCount "37"]
[EventDate "2014.??.??"]

1. e4 e6 2. d4 d5 3. Nc3 Bb4 4. e5 Ne7 5. Qg4 c5 6. a3 Qa5 7. Bd2 cxd4 8. Nb1
Bxd2+ 9. Nxd2 O-O 10. Bd3 Nbc6 11. Ngf3 f5 12. exf6 Rxf6 13. Qh5 g6 14. Qg5 Rf7
15. h4 Qc7 16. h5 e5 17. hxg6 Rg7 18. gxh7+ Kh8 19. Qxg7+ 1-0